00333nam a22001097a 4500020000800000040001600008082001300024100004200037245007100079260004500150300002800195 qHB. cFIZZA ISHAQ a031bGRO a Jeffrey H. Hacker, Bernard S. Cayne. aEncyclopedia Year Book 1985 /cBernard S. Cayne Jeffrey H. Hacker. a New York:bGrolier Incorporated,c1985. a607 P. : ill. ;c 26 cm